<?xml version="1.0" encoding="UTF-8"?>
<record
    xmlns:xsi="http://www.w3.org/2001/XMLSchema-instance"
    xsi:schemaLocation="http://www.loc.gov/MARC21/slim http://www.loc.gov/standards/marcxml/schema/MARC21slim.xsd"
    xmlns="http://www.loc.gov/MARC21/slim">

  <leader>00691nam a2200217Ia 4500</leader>
  <controlfield tag="001">7808</controlfield>
  <controlfield tag="003">GE_BSU</controlfield>
  <controlfield tag="008">181216s||||||||xx |||||||||||||| ||und||</controlfield>
  <datafield tag="040" ind1=" " ind2=" ">
    <subfield code="c">GE_BSU</subfield>
  </datafield>
  <datafield tag="080" ind1=" " ind2=" ">
    <subfield code="a">621.316(075.8)</subfield>
  </datafield>
  <datafield tag="100" ind1=" " ind2=" ">
    <subfield code="a">&#x41A;&#x43E;&#x441;&#x442;&#x435;&#x43D;&#x43A;&#x43E;,&#x41C;.&#x41F;. &#x41F;&#x438;&#x43E;&#x442;&#x440;&#x43E;&#x432;&#x441;&#x43A;&#x438;&#x439;,&#x41B;.&#x41C;.</subfield>
  </datafield>
  <datafield tag="245" ind1=" " ind2=" ">
    <subfield code="a">&#x42D;&#x43B;&#x435;&#x43A;&#x442;&#x440;&#x438;&#x447;&#x435;&#x441;&#x43A;&#x438;&#x435; &#x43C;&#x430;&#x448;&#x438;&#x43D;&#x44B;.&#x427;.1. &#x41C;&#x430;&#x448;&#x438;&#x43D;&#x44B; &#x43F;&#x43E;&#x441;&#x442;&#x43E;&#x44F;&#x43D;&#x43D;&#x43E;&#x433;&#x43E; &#x442;&#x43E;&#x43A;&#x430; &#x442;&#x440;&#x430;&#x43D;&#x441;&#x444;&#x43E;&#x440;&#x43C;&#x430;&#x442;&#x43E;&#x440;&#x44B;.</subfield>
  </datafield>
  <datafield tag="245" ind1=" " ind2=" ">
    <subfield code="b">&#x423;&#x447;&#x435;&#x431;. &#x43F;&#x43E;&#x441;&#x43E;&#x431;&#x438;&#x435;.</subfield>
  </datafield>
  <datafield tag="245" ind1=" " ind2=" ">
    <subfield code="c">&#x420;&#x435;&#x434;. &#x410;.&#x421;.&#x423;&#x441;&#x441;&#x435;&#x440;.</subfield>
  </datafield>
  <datafield tag="260" ind1=" " ind2=" ">
    <subfield code="a">&#x41C;.-&#x41B;.</subfield>
  </datafield>
  <datafield tag="260" ind1=" " ind2=" ">
    <subfield code="b">&#x413;&#x43E;&#x441;&#x44D;&#x43D;&#x435;&#x440;&#x433;&#x43E;&#x438;&#x437;&#x434;&#x430;&#x442;.</subfield>
  </datafield>
  <datafield tag="260" ind1=" " ind2=" ">
    <subfield code="c">1958.</subfield>
  </datafield>
  <datafield tag="300" ind1=" " ind2=" ">
    <subfield code="a">464&#x441;&#x442;&#x440;.22&#x441;&#x43C;.</subfield>
  </datafield>
  <datafield tag="653" ind1=" " ind2=" ">
    <subfield code="a">&#x42D;&#x43B;&#x435;&#x43A;&#x442;&#x440;&#x438;&#x447;&#x435;&#x441;&#x43A;&#x438;&#x435; &#x43C;&#x430;&#x448;&#x438;&#x43D;&#x44B;.</subfield>
  </datafield>
  <datafield tag="942" ind1=" " ind2=" ">
    <subfield code="c">BK</subfield>
  </datafield>
  <datafield tag="999" ind1=" " ind2=" ">
    <subfield code="c">41158</subfield>
    <subfield code="d">41158</subfield>
  </datafield>
  <datafield tag="952" ind1=" " ind2=" ">
    <subfield code="0">0</subfield>
    <subfield code="1">0</subfield>
    <subfield code="4">0</subfield>
    <subfield code="7">0</subfield>
    <subfield code="9">47343</subfield>
    <subfield code="d">2018-12-17</subfield>
    <subfield code="p">10794</subfield>
    <subfield code="r">2018-12-17</subfield>
    <subfield code="w">2018-12-17</subfield>
    <subfield code="y">BK</subfield>
  </datafield>
  <datafield tag="952" ind1=" " ind2=" ">
    <subfield code="0">0</subfield>
    <subfield code="1">0</subfield>
    <subfield code="4">0</subfield>
    <subfield code="7">0</subfield>
    <subfield code="9">47344</subfield>
    <subfield code="d">2018-12-17</subfield>
    <subfield code="p">10795</subfield>
    <subfield code="r">2018-12-17</subfield>
    <subfield code="w">2018-12-17</subfield>
    <subfield code="y">BK</subfield>
  </datafield>
</record>
